|
|
|
|
| LEADER |
00000nam a2200000 i 4500 |
| 001 |
DIGALBA0373 |
| 003 |
NyNyDIG |
| 007 |
cr ||||||||||| |
| 008 |
220912s2019 sp o 000 f spa d |
| 006 |
m o d |
| 035 |
|
|
|a (OCoLC)1350508295
|
| 040 |
|
|
|a DGITA
|b eng
|e rda
|e pn
|c DGITA
|
| 020 |
|
|
|a 9788490656235
|q eBook
|
| 020 |
|
|
|z 9788490656013
|
| 041 |
1 |
|
|a spa
|h eng
|
| 050 |
1 |
4 |
|a PZ1.H1255 ebook
|
| 082 |
1 |
4 |
|a 823.808
|
| 130 |
0 |
|
|a Circle of witches.
|l Spanish
|s (Rubia)
|
| 245 |
1 |
0 |
|a Cuentos de brujas de escritoras victorianas (1839-1920) /
|c selección de Peter Haining ; traducción, Daniel de la Rubia Ortí.
|
| 250 |
|
|
|a Primera edición.
|
| 264 |
|
1 |
|a Barcelona :
|b Alba,
|c [2019]
|
| 300 |
|
|
|a 1 online resource.
|
| 336 |
|
|
|a text
|b txt
|2 rdacontent
|
| 337 |
|
|
|a computer
|b c
|2 rdamedia
|
| 338 |
|
|
|a online resource
|b cr
|2 rdacarrier
|
| 347 |
|
|
|a text file
|2 rdaft
|
| 347 |
|
|
|b EPUB
|
| 490 |
1 |
|
|a Alba Clásica
|
| 588 |
0 |
|
|a Online resource; title from ePub title page (Digitalia, viewed September 12, 2022)
|
| 650 |
|
0 |
|a Witches
|v Fiction.
|
| 655 |
|
7 |
|a Paranormal fiction.
|2 lcgft
|
| 655 |
|
0 |
|a Electronic books.
|
| 700 |
1 |
|
|a Haining, Peter,
|e compiler.
|
| 700 |
1 |
|
|a Rubia, Daniel de la,
|e translator.
|
| 730 |
0 |
|
|i Translation of:
|a Circle of witches.
|
| 791 |
2 |
|
|a Digitalia (Firm),
|e distributor.
|
| 793 |
0 |
|
|g Digitalia eBook Collection:
|a Alba Editorial
|
| 776 |
0 |
8 |
|i Print version:
|a Circle of witches. Spanish (Rubia).
|t Cuentos de brujas de escritoras victorianas (1839-1920).
|d Barcelona : Alba, [2019]
|z 9788490656013
|
| 830 |
|
0 |
|a Alba Clásica ;
|v 151.
|
| 856 |
4 |
0 |
|u https://digitalia.uam.elogim.com/a/80266/
|z Texto completo
|
| 910 |
|
|
|a Premium collection: 2022
|